Sekrety Warmii i Mazur

Titel: Sekrety Warmii i Mazur / Mariusz Szylak
Verfasser:
Ausgabe: Wydanie 1
Veröffentlicht: Łódź : Księży Młyn Dom Wydawniczy, 2020
Umfang: 149 Seiten : Illustrationen ; 25 cm
Format: Buch
Sprache: Polnisch
Schriftenreihe/
mehrbändiges Werk:
Sekrety ..
Schlagworte:
ISBN: 9788377295809
Buchumschlag
X
alg: 54173519
001A    $03004:02-02-26 
001B    $03004:02-02-26 $t12:31:18.000 
001D    $03004:02-02-26 
001U    $0utf8 
001X    $00 
002@    $0Aau 
002C    $aText $btxt $2rdacontent 
002D    $aohne Hilfsmittel zu benutzen $bn $2rdamedia 
002E    $aBand $bnc $2rdacarrier 
003@    $0541735195 
004A    $A978-83-7729-580-9 
006C    $01238060719 $aOCoLC 
007A    $0BV047155938 $aBVB 
009P    $uhttps://bvbr.bib-bvb.de:443/F?func=service&doc_library=BVB01&local_base=BVB01&doc_number=032561643&sequence=000001&line_number=0001&func_code=DB_RECORDS&service_type=MEDIA $mDigitalisierung BSB München 25 - ADAM Catalogue Enrichment 
009P    $uhttps://bvbr.bib-bvb.de:443/F?func=service&doc_library=BVB01&local_base=BVB01&doc_number=032561643&sequence=000003&line_number=0002&func_code=DB_RECORDS&service_type=MEDIA $mDigitalisierung BSB München 25 - ADAM Catalogue Enrichment 
010@    $apol 
010E    $erda 
011@    $a2020 $n2020 
021A    $aSekrety Warmii i Mazur $hMariusz Szylak 
028A    $BVerfasser $4aut $8Szylak, Mariusz$Z1964- [Tp3] $9485984431 
032@    $aWydanie 1 
033A    $pŁódź $nKsięży Młyn Dom Wydawniczy 
034D    $a149 Seiten 
034I    $a25 cm 
034M    $aIllustrationen 
036G    $aSekrety .. 
044K    $qBVB $RWoiwodschaft Allenstein $RWoiwodschaft Ermland-Masuren $#Warmia $#Warmien $#Ermeland $#Varmė $#Wārmi $74015327-7 $8Ermland [Tg1] $9085034932 
044K    $qBVB $#Mazury $74037914-0 $8Masuren [Tg1] $9085103527 
045F    $a307.09438 $eDDC22BSB 
045F/01 $a307.09 
045F/03 $g438 
045R    $aGeschichte 
045T    $aOST $qDE-12 $2FID 

lok: 54173519 24

exp: 54173519 24 1 #EPN
201B/01 $009-03-26 $t13:08:26.000 
201C/01 $002-02-26 
201U/01 $0utf8 
203@/01 $01333206704 
208@/01 $a02-02-26 $bz 
209A/01 $a26.00836 $du $f050 $h26 00836 $x00 
209C/01 $a26.00836 T $h26 00836 T 
209G/01 $a74965270 $x00 
220C/01 $ajwa/bar 
247C/01 $8358050-7 Marburg, Bibliothek des Herder-Instituts Marburg $9102600961 

lok: 54173519 78

exp: 54173519 78 1 #EPN
201B/01 $010-02-26 $t18:14:29.000 
201C/01 $010-02-26 
201U/01 $0utf8 
203@/01 $01335141987 
208@/01 $a10-02-26 $be 
209A/01 $a/ $f000 $x00 
209A/01 $ab*p $x01 
220C/01 $apgar 
244Z/01 $#Generalgouvernement Polen $#Polska $#Rzeczpospolita Polska $#Polska Rzeczpospolita Ludowa $#Poland $#Pologne $#République Polonaise $#Generalne Gubernatorstwo w Polsce $#Polish People's Republic $#Polska Rzeczpospolita Polen $#PRL $#RP $#Polen Generalgouvernement $#Polska Generalgouvernement $#Besetzte Polnische Gebiete $#Besetztes Gebiet in Polen $#Okupowane Polskie Obszary $#Obszary Okupowane w Polsce $#Volksrepublik Polen $#Polska Rosyjska $#Republic Polen $#Respublika Pol'ša $#Pol'skaja Narodnaja Respublika $#République de Pologne $#Polen Links der Weichsel $#Polska po Lewej Stronie Wisły $#Lenkija $#Polija $#Gubernija Carstva Pol'skago $#Republik Polen $74046496-9 $8--Tg1--Polen $x01 $9085129801 
244Z/01 $#Preußen $#Preußen $#Brandenburg-Preußen $#Königreich Preußen $#Preußische Staaten $#Preußischer Staat $#Der @Preußische Staat $#Königlich Preußische Staaten $#Prusy Królewskie $#Königlich Preußen $#Prussia $74047194-9 $8--Tg1--Preußen $x06 $9085131652 
247C/01 $82080>Marburg/Lahn, Herder-Institut, Forschungsbibliothek, Bibliographieportal $9336309341
LEADER 00000nam a2200000 c 4500
001 541735195
003 DE-603
005 20260202123118.0
007 tu
008 260202s2020 xx |||| | u00||u|pol c
020 |a 9788377295809 
035 |a (DE-599)BVBBV047155938 
040 |a DE-603  |b ger  |c DE-603  |d DE-603  |e rda 
041 |a pol 
082 0 4 |8 1\u  |a 307.09438  |q DE-101  |2 22/BSB 
084 |a OST  |q DE-12  |2 fid 
085 |8 1\u  |b 307.09 
085 |8 1\u  |z 2  |s 438 
100 1 |a Szylak, Mariusz  |d 1964-  |e Verfasser  |4 aut  |0 (DE-603)485984431  |0 (DE-588)124242749X  |2 gnd 
245 0 0 |a Sekrety Warmii i Mazur  |c Mariusz Szylak 
250 |a Wydanie 1 
264 1 |a Łódź  |b Księży Młyn Dom Wydawniczy  |c 2020 
300 |a 149 Seiten  |b Illustrationen  |c 25 cm 
336 |a Text  |b txt  |2 rdacontent 
337 |a ohne Hilfsmittel zu benutzen  |b n  |2 rdamedia 
338 |a Band  |b nc  |2 rdacarrier 
490 0 |a Sekrety .. 
648 7 |a Geschichte  |2 gnd 
651 7 |a Ermland  |0 (DE-588)4015327-7  |0 (DE-603)085034932  |2 gnd 
651 7 |a Masuren  |0 (DE-588)4037914-0  |0 (DE-603)085103527  |2 gnd 
856 4 2 |m Digitalisierung BSB München 25 - ADAM Catalogue Enrichment  |u https://bvbr.bib-bvb.de:443/F?func=service&doc_library=BVB01&local_base=BVB01&doc_number=032561643&sequence=000001&line_number=0001&func_code=DB_RECORDS&service_type=MEDIA 
856 4 2 |m Digitalisierung BSB München 25 - ADAM Catalogue Enrichment  |u https://bvbr.bib-bvb.de:443/F?func=service&doc_library=BVB01&local_base=BVB01&doc_number=032561643&sequence=000003&line_number=0002&func_code=DB_RECORDS&service_type=MEDIA 
924 0 |9 Mb 50  |a (DE-603)1333206704  |b DE-Mb50  |c HES  |d c  |g 26.00836 
924 0 |9 2080  |a (DE-603)1335141987  |b DE-2080  |c HES  |d d  |g /